Localización y funciones de los centros ópticos en el hombre (Record no. 165903)

MARC details
000 -LEADER
campo de control de longitud fija 00723nam a22001815i 4500
001 - NÚMERO DE CONTROL
campo de control 165903
003 - IDENTIFICADOR DE NÚMERO DE CONTROL
campo de control ES-MaACL
005 - FECHA Y HORA DE LA ÚLTIMA TRANSACCIÓN
campo de control 20230906213227.0
008 - DATOS DE LONGITUD FIJA--INFORMACIÓN GENERAL
campo de control de longitud fija 030718s1901 sp |||| | spa d
040 ## - FUENTE DE CATALOGACIÓN
Centro catalogador/agencia de origen CAM
Lengua de catalogación spa
Centro/agencia transcriptor CAM
100 1# - ENTRADA PRINCIPAL--NOMBRE DE PERSONA
Nombre de persona Suñer Ordóñez, Enrique.
9 (RLIN) 108797
245 10 - MENCIÓN DEL TÍTULO
Título Localización y funciones de los centros ópticos en el hombre
Resto del título : memoria del doctorado /
Mención de responsabilidad, etc. por Enrique Suñer y Ordóñez.
260 ## - PUBLICACIÓN, DISTRIBUCIÓN, ETC.
Lugar de publicación, distribución, etc. Madrid :
Nombre del editor, distribuidor, etc. [s.n.],
Fecha de publicación, distribución, etc. 1901 (
Fabricante Imprenta de Ricardo Rojas)
300 ## - DESCRIPCIÓN FÍSICA
Extensión 50 p. ;
Dimensiones 24 cm.
594 ## - Nota al título y mención de responsabilidad
Nota al título y mención de responsabilidad Precede al tit.: Facultad de Medicina de Madrid.
650 #4 - PUNTO DE ACCESO ADICIONAL DE MATERIA--TÉRMINO DE MATERIA
Término de materia o nombre geográfico como elemento de entrada Oftalmología.
9 (RLIN) 15693
852 ## - LOCALIZACIÓN
Ubicación ES-MaACL
Número de control de estantería T-1019-F-8
Nota libre -- Enc. hol., conservando la enc. original
-- -- Enc. en un vol. facticio
Holdings
Estatus retirado Estado de pérdida Estado de daño No para préstamo Colección Biblioteca de origen Biblioteca actual Ubicación en estantería Fecha de adquisición Total de préstamos Signatura topográfica completa Código de barras Visto por última vez Precio de reemplazo Tipo de ítem Koha
        Colección de folletos Biblioteca del Ateneo de Madrid Biblioteca del Ateneo de Madrid Depósito folletos 17/01/2008   T-1019-F-8 1173987 23/02/2023 23/02/2023 Folleto